Advanced Accounting : B.Com-II (Record no. 18873)
[ view plain ]
| 000 -LEADER | |
|---|---|
| fixed length control field | 00448nam a22001697a 4500 |
| 005 - DATE AND TIME OF LATEST TRANSACTION | |
| control field | 20230706130742.0 |
| 008 - FIXED-LENGTH DATA ELEMENTS--GENERAL INFORMATION | |
| fixed length control field | 230706b |||||||| |||| 00| 0 eng d |
| 082 ## - DEWEY DECIMAL CLASSIFICATION NUMBER | |
| Classification number | 657.046 |
| Item number | SOH-A |
| 100 ## - MAIN ENTRY--AUTHOR | |
| Author Name | Sohail;Afzal |
| 245 ## - TITLE STATEMENT | |
| Title | Advanced Accounting : B.Com-II |
| Remainder of title | Muhammad Arif , Sohail;Afzal |
| 260 ## - PUBLICATION, DISTRIBUTION, ETC. | |
| Place of Publication | Pakistan |
| Name of publisher, distributor, etc. | Azeem Academy |
| 300 ## - PHYSICAL DESCRIPTION | |
| Pages | 745 |
| 500 ## - GENERAL NOTE | |
| General note | Index Given |
| 650 ## - SUBJECT ADDED ENTRY--TOPICAL TERM | |
| Subject / Department | Accounting/Management |
| 700 ## - ADDED ENTRY--PERSONAL NAME | |
| Personal name | Sohail Afzal |
| 952 ## - LOCATION AND ITEM INFORMATION (KOHA) | |
| -- | 0 |
| -- | 0 |
| Lost status | Damaged status | Permanent Location | Current Location | Shelving Location | Date acquired | Full Call Number | Accession No./Barcode | Date last seen | item type |
|---|---|---|---|---|---|---|---|---|---|
| Superior Information Resource Center (SIRC) Superior University- Main Campus | Superior Information Resource Center (SIRC) Superior University- Main Campus | Accounting | 07/06/2023 | 657.046 SOH-A | 20003 | 07/06/2023 | BOOK |
